[Event "Athens PAO CC-ch 16th"]
[Site "Athens"]
[Date "2024.02.23"]
[Round "6"]
[White "Georgoulias, Dionisios"]
[Black "Panopoulos, Ioannis"]
[Result "1/2-1/2"]
[WhiteElo "1897"]
[BlackElo "1866"]
[PlyCount "114"]
[EventDate "2024.01.19"]
[EventType "swiss"]
[EventRounds "7"]
[EventCountry "GRE"]
[SourceTitle "CB16_2024"]
[SourceDate "2024.04.17"]
[SourceVersion "1"]
[SourceVersionDate "2024.04.17"]
[SourceQuality "1"]

1. d4 Nf6 2. Nf3 g6 3. c4 Bg7 4. g3 0-0 5. Bg2 c6 6. 0-0 d5 7. cxd5 cxd5 8. Ne5 Nc6 9. Nxc6 bxc6 10. Nc3 Bf5 11. Bf4 Nd7 12. Rc1 Qb6 13. Na4 Qxd4 14. Qxd4 Bxd4 15. Rxc6 Nb6 16. Nxb6 axb6 17. Bxd5 Rac8 18. b4 Rfd8 19. Rxc8 Bxc8 20. Rc1 Kg7 21. a4 e5 22. Bg5 Rxd5 23. Rxc8 e4 24. e3 Be5 25. Be7 f6 26. Bd8 Rd1+ 27. Kg2 Ra1 28. Bxb6 Rxa4 29. Rc4 f5 30. Bd4 Bxd4 31. Rxd4 Ra1 32. g4 Kf6 33. gxf5 gxf5 34. Rd5 Kg5 35. Rd7 Rb1 36. Rg7+ Kh6 37. Rb7 Kg5 38. b5 f4 39. exf4+ Kxf4 40. Rf7+ Kg5 41. Rb7 Kf4 42. b6 h5 43. Kh3 Rb5 44. Rf7+ Kg5 45. Rb7 Rb3+ 46. Kg2 Kh4 47. Kf1 Rb2 48. Rb8 Kh3 49. b7 h4 50. Ke1 Kxh2 51. Rh8 Rxb7 52. Rxh4+ Kg2 53. Rxe4 Rb1+ 54. Ke2 Rb2+ 55. Ke3 Rxf2 56. Rg4+ Kh3 57. Kxf2 Kxg4 1/2-1/2

[Event "Athens PAO CC-ch 16th"]
[Site "Athens"]
[Date "2024.01.26"]
[Round "2"]
[White "Georgoulias, Dionisios"]
[Black "Vazelakis, Dimitrios"]
[Result "1/2-1/2"]
[WhiteElo "1897"]
[BlackElo "1655"]
[PlyCount "53"]
[EventDate "2024.01.19"]
[EventType "swiss"]
[EventRounds "7"]
[EventCountry "GRE"]
[SourceTitle "CB16_2024"]
[SourceDate "2024.04.17"]
[SourceVersion "1"]
[SourceVersionDate "2024.04.17"]
[SourceQuality "1"]

1. d4 e6 2. Nf3 f5 3. g3 Nf6 4. Bg2 Be7 5. 0-0 0-0 6. c4 d6 7. Nc3 Ne4 8. Bd2 Nc6 9. d5 Nxd2 10. Qxd2 Ne5 11. Nxe5 dxe5 12. Rad1 Qe8 13. Nb5 Bd8 14. Nxc7 Bxc7 15. d6 Bb6 16. d7 Bxd7 17. Qxd7 Rf7 18. Qxe8+ Rxe8 19. b4 e4 20. c5 Bc7 21. f3 exf3 22. Bxf3 Be5 23. b5 Rc8 24. c6 bxc6 25. bxc6 Bc7 26. Rd3 Kf8 27. Kg2 1/2-1/2

[Event "Pyrgos rapid op 11th"]
[Site "Pyrgos"]
[Date "2022.08.21"]
[Round "2"]
[White "Georgoulias, Dionisios"]
[Black "Mantikos, Konstantinos"]
[Result "1-0"]
[WhiteElo "1888"]
[BlackElo "1489"]
[PlyCount "65"]
[EventDate "2022.08.21"]
[EventType "swiss (rapid)"]
[EventRounds "7"]
[EventCountry "GRE"]
[SourceTitle "EXT 2024"]
[Source "ChessBase"]
[SourceDate "2023.10.10"]
[SourceVersion "1"]
[SourceVersionDate "2023.10.10"]
[SourceQuality "1"]

1. Nf3 d5 2. d4 Nf6 3. c4 e6 4. g3 Be7 5. Bg2 0-0 6. 0-0 dxc4 7. Qc2 c5 8. Qxc4 cxd4 9. Qxd4 Qxd4 10. Nxd4 Nbd7 11. Nc3 a6 12. Rd1 Rb8 13. Bf4 e5 14. Nf5 Bb4 15. Bg5 h6 16. Bxf6 Nxf6 17. Nd6 Bxc3 18. bxc3 b5 19. a4 Bd7 20. axb5 Bxb5 21. c4 Bd7 22. Rxa6 Be6 23. c5 Nd7 24. c6 Nc5 25. Ra5 Bb3 26. Rc1 Ne6 27. Rb5 Nc7 28. Rxb8 Rxb8 29. Rb1 Rd8 30. Rxb3 Rxd6 31. Rb8+ Kh7 32. Be4+ g6 33. Rb7 1-0

[Event "Paracin op-A 15th"]
[Site "Paracin"]
[Date "2022.07.08"]
[Round "1"]
[White "Georgoulias, Dionisios"]
[Black "Toncheva, Nadya"]
[Result "1/2-1/2"]
[WhiteElo "1904"]
[BlackElo "2228"]
[PlyCount "116"]
[EventDate "2022.07.08"]
[EventType "swiss"]
[EventRounds "9"]
[EventCountry "SRB"]
[SourceTitle "EXT 2023"]
[Source "ChessBase"]
[SourceDate "2022.10.05"]
[SourceVersion "1"]
[SourceVersionDate "2022.10.05"]
[SourceQuality "1"]

1. Nf3 c5 2. c4 g6 3. d4 cxd4 4. Nxd4 Bg7 5. e4 Nc6 6. Be3 Nf6 7. Nc3 0-0 8. Be2 d6 9. 0-0 Bd7 10. Qd2 Nxd4 11. Bxd4 Bc6 12. Rfe1 a5 13. Rad1 Nd7 14. Bxg7 Kxg7 15. Bg4 Ne5 16. Qd4 Kg8 17. Bh3 g5 18. Re3 g4 19. Bxg4 Nxg4 20. Rg3 Qc8 21. h3 f6 22. hxg4 Qe6 23. Nd5 Bxd5 24. cxd5 Qe5 25. Qxe5 fxe5 26. Rc3 Rfc8 27. Rdc1 Rxc3 28. Rxc3 Kf7 29. Rc7 Rb8 30. Kf1 Ke8 31. Ke2 Kd8 32. Rc3 Kd7 33. Rh3 Rg8 34. Rxh7 Rxg4 35. Kf3 Rf4+ 36. Ke3 Rg4 37. g3 Rg8 38. Rh2 Rg7 39. Rg2 e6 40. f4 exd5 41. exd5 exf4+ 42. Kxf4 Rf7+ 43. Kg5 Rg7+ 44. Kf5 Ke7 45. g4 Rf7+ 46. Kg6 Rf6+ 47. Kg5 Kf7 48. Rc2 Rg6+ 49. Kh5 Rg8 50. g5 Rh8+ 51. Kg4 Re8 52. Rc7+ Kg6 53. Rd7 Re4+ 54. Kf3 Rb4 55. Rxd6+ Kxg5 56. b3 Kf5 57. Ke3 Ke5 58. Rd7 a4 1/2-1/2

[Event "Athens Stamatopoulos Memorial 2nd"]
[Site "Athens"]
[Date "2019.11.27"]
[Round "4"]
[White "Georgoulias, Dionisios"]
[Black "Makkas, Panayiotis"]
[Result "1/2-1/2"]
[WhiteElo "1896"]
[BlackElo "1701"]
[PlyCount "60"]
[EventDate "2019.11.06"]
[EventType "swiss"]
[EventRounds "7"]
[EventCountry "GRE"]
[SourceTitle "EXT 2024"]
[Source "ChessBase"]
[SourceDate "2023.10.10"]
[SourceVersion "1"]
[SourceVersionDate "2023.10.10"]
[SourceQuality "1"]

1. Nf3 d5 2. d4 c6 3. c4 e6 4. cxd5 exd5 5. g3 Nf6 6. Bg2 Bd6 7. 0-0 0-0 8. b3 Bf5 9. Ba3 Bxa3 10. Nxa3 Nbd7 11. Qd2 h6 12. Rac1 Re8 13. Nb1 a5 14. Nc3 Ne4 15. Qb2 Nxc3 16. Rxc3 Nf6 17. a3 Ne4 18. Rcc1 Ra6 19. Ne5 Nd6 20. Rfd1 Qe7 21. e3 Nb5 22. Bf1 Rb6 23. a4 Qa3 24. Qd2 Nd6 25. Qxa5 Qxb3 26. Qa7 Nc8 27. Qa8 Nd6 28. Qa7 Nc8 29. Qa8 Nd6 30. Qa6 Nc8 1/2-1/2

[Event "Ambelokipi op 166th"]
[Site "Athens"]
[Date "2017.11.15"]
[Round "3"]
[White "Georgoulias, Dionisios"]
[Black "Sideris, Theodoros"]
[Result "0-1"]
[WhiteElo "1938"]
[BlackElo "1913"]
[PlyCount "64"]
[EventDate "2017.11.01"]
[EventType "swiss"]
[EventRounds "7"]
[EventCountry "GRE"]
[SourceTitle "EXT 2024"]
[Source "ChessBase"]
[SourceDate "2023.10.10"]
[SourceVersion "1"]
[SourceVersionDate "2023.10.10"]
[SourceQuality "1"]

1. e4 c5 2. c4 Nc6 3. Ne2 g6 4. Nbc3 Bg7 5. d3 Nf6 6. g3 d6 7. a3 Bg4 8. Bg2 Nd4 9. Qa4+ Nd7 10. Nxd4 cxd4 11. Nd5 0-0 12. f3 Nc5 13. Qd1 Bd7 14. b3 e6 15. Nf4 a5 16. a4 Qb6 17. Ra3 Qb4+ 18. Qd2 Bh6 19. 0-0 e5 20. Qxb4 axb4 21. Nd5 Bxc1 22. Rxc1 bxa3 23. Nf6+ Kg7 24. Nxd7 Nxb3 25. Rc2 Rxa4 26. Nxf8 Kxf8 27. Ra2 Nc1 28. Ra1 a2 29. Rxc1 a1Q 30. Rxa1 Rxa1+ 31. Kf2 Ra2+ 32. Kg1 Rd2 0-1